header

Social impacts of digital media (Record no. 131281)

MARC details
000 -LEADER
fixed length control field 01671nam a2200409 a 4500
245 00 - TITLE STATEMENT
Title Social impacts of digital media
260 ## - PUBLICATION, DISTRIBUTION, ETC. (IMPRINT)
Place of publication Thirroul, N.S.W. :
Name of publisher Spinney Press,
Year of publication 2011.
300 ## - PHYSICAL DESCRIPTION
Number of Pages 60 p. :
Other physical details col. ill.
490 1# - SERIES STATEMENT
Series statement Issues in society ;
650 #0 - SUBJECT ADDED ENTRY--TOPICAL TERM
Topical Term Digital media
Topical Term Social media
Topical Term Internet
Topical Term Information society
Topical Term Information technology
Topical Term Technological innovations
Topical Term Internet
Topical Term Communication
Topical Term Social change.
700 1# - ADDED ENTRY--PERSONAL NAME
Personal name Healey, Justin.
856 40 - ELECTRONIC LOCATION AND ACCESS
Uniform Resource Identifier http://site.ebrary.com/lib/rucke/Doc?id=10500229

No items available.

© 2026 Rongo University
Contact us: librarian | system librarian | Rongo university